00896cam a2200265 a 450000100100000000500170001000800410002703500180006804000310008608200230011710000470014024500470018725000110023426000300024530000210027549000390029665000280033565000310036383000510039491000280044591000070047304900090048095201260048999900150061500000982920200929161725.0740131s1976 sp 001 f spa d a(OCoLC)786349 aDO-SdBNPcMeWCdDLCdBNPHU a863.5bP438a, 19761 aPérez Galdós, Benito,d1843-19209368113aEl amigo Manso /cBenito Pérez Galdós. a2a ed. aMadrid :bAlianza,c1976. a306 p. ;c18 cm.1 aLibro de bolsillo. Literaturav364 4aNovela española91123 4aLiteratura española9632 0aEl Libro de bolsillo. Literatura ;v364924743 aCatalogación derivada aWM aBNGR 001054708MOaGRbGRcHDd2009-10-01iLF1l0o863.5 P438a, 1976p9829-10r2020-06-25w2020-06-25y4ZPréstamo en sala c9588d9588